Sorok a toleranciáról
Elmentve itt :
| Szerző: | |
|---|---|
| Adatforrás: | Meister |
| Forrásdokumentuma: | A Hét. - 14 sz., 1990, 1 p. |
| Nyelv: | magyar |
| Kulcsszavak: | politikai publicisztika politikai intézmények tolerancia Vatra Romaneasca |
| LEADER | 00421nab a2200157 i 4500 | ||
|---|---|---|---|
| 001 | bibPRO00004529 | ||
| 008 | 060524s1990 xx hun | ||
| 040 | |a Sz1 | ||
| 041 | |a hun | ||
| 100 | 1 | |a GÁLFALVI Zsolt | |
| 245 | 1 | 0 | |a Sorok a toleranciáról |c GÁLFALVI Zsolt |
| 695 | |a politikai publicisztika | ||
| 695 | |a politikai intézmények | ||
| 695 | |a tolerancia | ||
| 695 | |a Vatra Romaneasca | ||
| 773 | 0 | |t A Hét. - |g 14 sz., 1990, 1 p. | |